Morocco : Financial Sector Assessment Program: Technical Note-Stress Testing the Banking System.

This Technical Note discusses the key findings of the stress testing of the banking system in Morocco. The stress tests examined the resilience of the Moroccan banking system to solvency, liquidity, and contagion risks. The global liquidity stress tests revealed that most banks in the system would b...

पूर्ण विवरण

ग्रंथसूची विवरण
निगमित लेखक: International Monetary Fund. Independent Evaluation Office
स्वरूप: पत्रिका
भाषा:English
प्रकाशित: Washington, D.C. : International Monetary Fund, 2016.
श्रृंखला:IMF Staff Country Reports; Country Report ; No. 2016/329
ऑनलाइन पहुंच:Full text available on IMF
LEADER 01820cas a2200241 a 4500
001 AALejournalIMF017185
008 230101c9999 xx r poo 0 0eng d
020 |c 5.00 USD 
020 |z 9781475545975 
022 |a 1934-7685 
040 |a BD-DhAAL  |c BD-DhAAL 
110 2 |a International Monetary Fund.  |b Independent Evaluation Office. 
245 1 0 |a Morocco :   |b Financial Sector Assessment Program: Technical Note-Stress Testing the Banking System. 
264 1 |a Washington, D.C. :  |b International Monetary Fund,  |c 2016. 
300 |a 1 online resource (65 pages) 
490 1 |a IMF Staff Country Reports 
500 |a <strong>Off-Campus Access:</strong> No User ID or Password Required 
500 |a <strong>On-Campus Access:</strong> No User ID or Password Required 
506 |a Electronic access restricted to authorized BRAC University faculty, staff and students 
520 3 |a This Technical Note discusses the key findings of the stress testing of the banking system in Morocco. The stress tests examined the resilience of the Moroccan banking system to solvency, liquidity, and contagion risks. The global liquidity stress tests revealed that most banks in the system would be exposed to liquidity risks in the event of large deposit withdrawals, under a more severe scenario than the Basel III Liquidity Coverage Ratio metrics, or depletion of unsecured wholesale funding. Banks were found to be less vulnerable to direct contagion risk through bilateral exposure. The contagion risk analysis revealed that the risks stemming from domestic interbank exposures are very limited. 
538 |a Mode of access: Internet 
830 0 |a IMF Staff Country Reports; Country Report ;  |v No. 2016/329 
856 4 0 |z Full text available on IMF  |u http://elibrary.imf.org/view/journals/002/2016/329/002.2016.issue-329-en.xml  |z IMF e-Library